000 00420nam a2200181Ia 4500
001 2919
005 20260306144842.0
008 260306t2007||||xx |||||||||||||| ||spa||
041 _aESP
082 _a233.5
_bS38
100 _aSemen, Yves
_eAUT
245 0 _aLa sexualidad según Juan Pablo II
260 _c2007
300 _a180 páginas :
_c22 cm.
650 _aGEN
654 _aCHU
942 _cLIB
_dJUS
_fJUS
_2ddc
_n
999 _c2919
_d2919